|
|
|
|
| LEADER |
03558nam a22005295i 4500 |
| 001 |
978-3-319-39724-5 |
| 003 |
DE-He213 |
| 005 |
20170127170010.0 |
| 007 |
cr nn 008mamaa |
| 008 |
170127s2016 gw | s |||| 0|eng d |
| 020 |
|
|
|a 9783319397245
|9 978-3-319-39724-5
|
| 024 |
7 |
|
|a 10.1007/978-3-319-39724-5
|2 doi
|
| 040 |
|
|
|d GrThAP
|
| 050 |
|
4 |
|a RC434.2-574
|
| 072 |
|
7 |
|a MMH
|2 bicssc
|
| 072 |
|
7 |
|a MED105000
|2 bisacsh
|
| 082 |
0 |
4 |
|a 616.89
|2 23
|
| 245 |
1 |
0 |
|a Person Centered Psychiatry
|h [electronic resource] /
|c edited by Juan E. Mezzich, Michel Botbol, George N. Christodoulou, C. Robert Cloninger, Ihsan M. Salloum.
|
| 264 |
|
1 |
|a Cham :
|b Springer International Publishing :
|b Imprint: Springer,
|c 2016.
|
| 300 |
|
|
|a XV, 569 p. 9 illus., 3 illus. in color.
|b online resource.
|
| 336 |
|
|
|a text
|b txt
|2 rdacontent
|
| 337 |
|
|
|a computer
|b c
|2 rdamedia
|
| 338 |
|
|
|a online resource
|b cr
|2 rdacarrier
|
| 347 |
|
|
|a text file
|b PDF
|2 rda
|
| 505 |
0 |
|
|a Introduction -- The person as center of health -- Person-centered patient perspectives -- Person-centered family perspectives -- Health status from illness to wellbeing -- Contributory factors to health and illness -- The experience of and values in health -- Joint diagnostic understanding: Interviewing and assessment -- Shared decision-making between clinicians, patients and families -- Interdisciplinary team approach for clinical care -- Person-centered prevention -- Person-centered rehabilitation -- Person-centered health promotion -- Person-centered care for major mental disorders -- Person-centered care for psychiatric and general medical comorbidity -- Person-centered forensic psychiatry -- People-centered organization of psychiatric services -- Person-centered public mental health -- Person-centered psychiatric education -- Person-centered psychiatric and mental health research -- Epilogue.
|
| 520 |
|
|
|a This book presents an authoritative overview of individualized psychiatry. The text shifts the focus of psychiatry from organ and disease to the whole person as a part of a broader person-centered perspective in medicine. Written by experts in the field, the text covers the conceptual keystones of that include ethical commitment, a holistic approach, a relationship focus, cultural sensitivity, individualized care, establishment of common ground among clinicians, patients, and families for joint diagnostic understanding and shared clinical decision-making, people-centered organization of services, and person-centered health education and research. Person-Centered Psychiatry is an excellent resource for psychiatrists, psychologists, primary care physicians, social workers, and all medical professionals working in mental health.
|
| 650 |
|
0 |
|a Medicine.
|
| 650 |
|
0 |
|a General practice (Medicine).
|
| 650 |
|
0 |
|a Internal medicine.
|
| 650 |
|
0 |
|a Psychiatry.
|
| 650 |
|
0 |
|a Psychology.
|
| 650 |
1 |
4 |
|a Medicine & Public Health.
|
| 650 |
2 |
4 |
|a Psychiatry.
|
| 650 |
2 |
4 |
|a Psychology, general.
|
| 650 |
2 |
4 |
|a General Practice / Family Medicine.
|
| 650 |
2 |
4 |
|a Internal Medicine.
|
| 700 |
1 |
|
|a Mezzich, Juan E.
|e editor.
|
| 700 |
1 |
|
|a Botbol, Michel.
|e editor.
|
| 700 |
1 |
|
|a Christodoulou, George N.
|e editor.
|
| 700 |
1 |
|
|a Cloninger, C. Robert.
|e editor.
|
| 700 |
1 |
|
|a Salloum, Ihsan M.
|e editor.
|
| 710 |
2 |
|
|a SpringerLink (Online service)
|
| 773 |
0 |
|
|t Springer eBooks
|
| 776 |
0 |
8 |
|i Printed edition:
|z 9783319397221
|
| 856 |
4 |
0 |
|u http://dx.doi.org/10.1007/978-3-319-39724-5
|z Full Text via HEAL-Link
|
| 912 |
|
|
|a ZDB-2-SME
|
| 950 |
|
|
|a Medicine (Springer-11650)
|